7 Perso - 1 Pts Commun - Harry Potter #40 - Statistiques

Statistiques générales
  • Ce quiz a été pris 96 fois
  • Le résultat moyen est 3 sur 7
Statistiques - réponses
Personnages % Correct
Fabian Prewett
80%
James Potter
71%
Lily Potter
69%
Benjy Fenwick
14%
Caradoc Dearborn
12%
Edgar Bones
9%
Mort Ordre du Phenix 1ère Guerre
5%
Aucun quiz correspondant
Distribution des résultats
% des personnes avec chaque résultat
Percentile par nombre de réponses
Votre historique - résultats
Vous n’avez pas pris ce quiz